• 首页
  • 本馆介绍
  • 公告通知
  • 最新文献
  • 馆藏检索
  • 电子资源
  • 读者导购
  • 参考咨询
  • 我的图书馆
  • 登录
  • 期刊详细显示
  • 现刊情况显示
  • 合订本情况显示
  • 篇目信息显示

期刊信息

  • 表格格式
  • 工作单格式
  • 卡片格式
索取号 
I21/YLJ
题名 
鸭绿江
作者 
《鸭绿江》编辑部编辑
分册号 
分册名 
出版地 
沈阳
出版者 
鸭绿江文学月刊社
标准刊号 
1003-4099
出版频率 
月刊
中图法分类 
I21
主题词 
文学 作品集 中国
电子资源 
000 01284nas002200373 45
001 1196080054
005 20110411101333.18
011    @a1003-4099@dCNY20.00(2021)
091    @aCN@b21-1037
092    @aCN@b8-7@cM181
100    @a19930617a19789999m y0chiy0121 eb
101 0  @achi
102    @aCN@b210000
110    @aafaz 0yu0
200 1  @a鸭绿江@AYA LU“ JIANG@e文艺月刊@EWEN XUE YUE KAN@i上半月版@f《鸭绿江》编辑部编辑@F《Ya Lu Jiang》Bian Ji Bu Bian Ji
207  0 @a1978,no.7(1978)~=总191~
210    @a沈阳@b辽宁省沈阳市沈河区朝阳街少帅府后巷7号(邮码110011)@c鸭绿江文学月刊社@d1978~
215    @d26cm
315    @a总期号从《文学月刊》(1955)起累计
326    @a月刊
327 0  @a中篇小说@a短篇小说@a散文@a中年诗人诗页@a心声篇@a旧体诗三家@a散花集@a中青年作家论
430  1 @12001 @a辽宁文艺
517 1  @a文艺月刊@AWen Yi Yue Kan
517 1  @a上半月版@AShang Ban Yue Ban
541 1  @aYalu river@zeng
606 0  @a文学@x作品集@x中国
610 0  @a文学
676    @a895.1@v19
690    @aI21@v4
701  0 @a迟松年@ACHI SONG NIAN@4主编
711 02 @a中国作家协会辽宁分会@AZHONG GUO ZUO JIA XIE HUI LIAO NING FEN HUI@4主办
711 02 @a《鸭绿江》编辑部@A《Ya Lu Jiang》Bian Ji Bu@4编辑
801  0 @aCN@bPFT@c20110411
905    @aTSSY@dI21@eYLJ
    
    鸭绿江:文艺月刊.上半月版/《鸭绿江》编辑部编辑.-1978,no.7(1978)~=总191~.-沈阳(辽宁省沈阳市沈河区朝阳街少帅府后巷7号(邮码110011)):鸭绿江文学月刊社,1978~
    26cm
    继承:
    部分内容:中篇小说;短篇小说;散文;中年诗人诗页;心声篇;旧体诗三家;散花集;中青年作家论
    ISSN 1003-4099:CNY20.00(2021)
    
●
相关链接: 在易读查询期刊 在中国知网中查询期刊 在万方数据查询期刊 在维普查询期刊
唐山师范学院图书馆 欢迎您!
大连网信软件有限公司© 版权所有